00305nam a2200121Ia 4500008004100000020001500041041001200056100001400068245005700082260002800139300000800167650000800175221030s9999 xx 000 0 und d a8190691901 aEnglish aS. Sharma 0aOp - Amps & Linear Integrated Circuitscby S. Sharma bKatsonaNew Delhic2015 a558 aECE